Armas e armaduras (Record no. 16177)
[ view plain ]
| 000 -Etiqueta do registo | |
|---|---|
| Valores | 00641cam a2200229 4500 |
| 010 ## - Número ISBN | |
| ISBN | 9722211056 |
| 021 ## - Número do Depósito Legal | |
| Número | 104 446/96 |
| 100 ## - Dados gerais de processamento | |
| Dados gerais | 20070201d1997 em y0pory5003 ba |
| 200 1# - Titulo e menção de responsabilidade | |
| Título próprio | Armas e armaduras |
| Primeira menção de responsabilidade | Michele Byam |
| Outras menções de responsabilidade | fot. Dave King |
| -- | trad. Raul de Sousa Machado |
| 205 ## - Menção da edição | |
| Edição | 5.<U+00AA> ed |
| 210 ## - Publicação | |
| Local de publicação | Lisboa |
| Nome do editor | Verbo |
| Data de publicação | 1997 |
| 215 ## - Descrição física | |
| Paginação / Volumes | 63, [1] p. |
| Outras indicações físicas | il. |
| Dimensões | 29 cm |
| 225 2# - Colecção | |
| Título próprio da colecção | Enciclopédia visual |
| Indicação de volume | 4 |
| 304 ## - Nota relativa ao título | |
| Texto de nota | Tít. orig. : Arms & armour |
| 675 ## - CDU | |
| Notação | 03 |
| Língua | fre |
| Edição | med |
| 700 #1 - Autor principal (pessoa individual) | |
| Apelido | Byam |
| Nome | Michele |
| 702 #1 - Autor secundário (pessoa individual) | |
| Apelido | King |
| Nome | Dave |
| 702 #1 - Autor secundário (pessoa individual) | |
| Apelido | Machado |
| Nome | Raúl de Sousa |
| Datas | 1921- |
| 801 #0 - Fonte de origem | |
| País | PT |
| Regras de catalogação | RPC |
| Agência | ESEL |
| 990 ## - Elementos KOHA | |
| Tipo de documento | Livro |
| Situação do levantamento | Estado | Número | Biblioteca de origem | Código de barras | Cota | Permissão de empréstimo | Tipo de documento | Forma de aquisição |
|---|---|---|---|---|---|---|---|---|
| BMA | Biblioteca Municipal do Alandroal | A8748/12-2 | 623.4(031) BYA | Livro |